000 00338nam a22001457a 4500
008 210322b ||||| |||| 00| 0 eng d
020 _a9780078023149
041 _aeng
080 _22nd
_a33
082 _a33
100 _a58
101 _aBIZ
245 _aBusiness Connecting Principles to Practice
_cNickles, W. G
942 _2udc
_cBK
999 _c56673
_d56673